Movies Quiz

Random Movies Quiz

Giallo Titles by Synonyms Quiz Stats

 Plays Quiz not verified by Sporcle

Score 0/42 Timer 15:00
0 Plays Today
Synonym Title Real Title % Correct
Sunken ScarletDeep Red
89.9%
The Ornithology Subject with the Quartz FeathersThe Bird with the Crystal Plumage
85.3%
Exterminate, Infant, ExterminateKill, Baby, Kill
83%
Hemoglobin and Dark EmbroideryBlood and Black Lace
82.1%
Who Observed Her Expire?Who Saw Her Die?
81.7%
An Insect Quartet on Slate CashmereFour Flies on Grey Velvet
79.8%
Avoid Manhandling a Baby MallardDon't Torture a Duckling
79.4%
A Reptile in Feminine EpidermisA Lizard in a Woman's Skin
79.4%
Axe for the Post-Marital VacationHatchet for the Honeymoon
73.4%
The Abode with Chuckling CasementsThe House with Laughing Windows
73.4%
Undress Completely for Your BaneStrip Nude for Your Killer
73.4%
The Maiden Who Understood Overly WellThe Girl Who Knew Too Much
72.5%
Raven Stomach of the SpiderBlack Belly of the Tarantula
71.1%
Residence Adjacent to the GraveyardHouse by the Cemetery
68.8%
Your Guilty Pleasure Is An Inaccessible Compartment and I Alone Have the CipherYour Vice is a Locked Room and Only I Have the Key
67.9%
The Peculiar Bad Habits of Mrs. WardhThe Strange Vice of Mrs. Wardh
66.5%
Colorless Day of RestBlack Sunday
63.8%
The Evening Evelyn Emerged from the CryptThe Night Evelyn Came Out of the Grave
63.3%
The Murderer Is Compelled to Slay Once MoreThe Killer Must Kill Again
61.5%
Dagger of Frozen WaterKnife of Ice
60.6%
The Grim Reaper Spawned an OvumDeath Laid an Egg
60.1%
Synonym Title Real Title % Correct
The Crimson Monarch Murders on More Than Half a Dozen OccasionsThe Red Queen Kills Seven Times
58.3%
Spasm of the Fatal DendriteTwitch of the Death Nerve
58.3%
Extinction Perambulates at 12 AMDeath Walks at Midnight
56.9%
Cutlery in the Absence of LightBlade in the Dark
55.5%
The Life-Fluid Splattered SilhouetteThe Bloodstained Shadow
54.6%
Imprints on the Lunar SurfaceFootprints on the Moon
54.1%
Thanatos Strides atop Elevated FootwearDeath Walks on High Heels
49.5%
Psychosomatic Reaction to Art (2 words)Stendhal Syndrome
49.5%
The Incident of the Vascular FlowerThe Case of the Bloody Iris
48.2%
Illegal Snapshots of a Dame Beyond DoubtForbidden Photos of a Lady Above Suspicion
48.2%
Irrational Suspicion (1 word)Paranoia
48.2%
Brief Nocturnal Period of the Transparent HomunculiShort Night of the Glass Dolls
47.2%
ConflagrationInferno
45%
EventsPhenomena
41.7%
Optical Organ in the MazeEye in the Labyrinth
41.3%
Platform FearStage Fright
35.8%
The Mystery of the Arachnid's MetasomaThe Case of the Scorpion's Tail
32.1%
The Domicile with the Sallow RugThe House with the Yellow Carpet
30.3%
Unnaturalness ChroniclePerversion Story
18.3%
DementiaDelirium
17.9%
The Entire Spectrum of OblivionAll the Colors of Darkness
13.8%

You're not logged in!

Compare scores with friends on all Sporcle quizzes.
OR
Log In

Show Comments

Extras

Created Mar 10, 2010ReportNominate

Top Quizzes Today


Score Distribution

Your Account Isn't Verified!

In order to create a playlist on Sporcle, you need to verify the email address you used during registration. Go to your Sporcle Settings to finish the process.

Report this User

Report this user for behavior that violates our Community Guidelines.

Details: